El Sector externo

Guardat en:
Dades bibliogràfiques
Format: Text
Matèries:
Etiquetes: Afegir etiqueta
Sense etiquetes, Sigues el primer a etiquetar aquest registre!

MARC

LEADER 00000 a a2200000 04500
001 10247
003
040
245 |a El Sector externo  
650 |a COMERCIO EXTERIOR  
650 |a EXPORTACIONES  
650 |a INGRESO DE CAPITALES  
650 |a INVERSIONES EXTRANJERAS  
650 |a FINANCIAMIENTO EXTERIOR  
650 |a INDICADORES ECONOMICOS  
773 |g número 20 Especial; páginas 3-5  
999 |c 32767  |d 32767